[Event "Berlin Lichtenberger op 18th"]
[Site "Berlin"]
[Date "2019.08.23"]
[Round "7"]
[White "Lieder, Guenter"]
[Black "Nimptsch, Nikolas"]
[Result "1-0"]
[WhiteElo "1815"]
[BlackElo "1500"]
[PlyCount "65"]
[EventDate "2019.08.17"]
[EventType "swiss"]
[EventRounds "9"]
[EventCountry "GER"]
[SourceTitle "EXT 2020"]
[Source "ChessBase"]
[SourceDate "2019.10.17"]
[SourceVersion "1"]
[SourceVersionDate "2019.10.17"]
[SourceQuality "1"]

1. e4 d5 2. exd5 Nf6 3. Bc4 Nxd5 4. Nf3 Bg4 5. h3 Bh5 6. d3 e6 7. 0-0 Be7 8. Re1 0-0 9. a3 c6 10. Nbd2 Nd7 11. Ne4 N7f6 12. Ng3 Bg6 13. Ne5 Qc7 14. Nxg6 hxg6 15. Ne4 Nxe4 16. dxe4 Nb6 17. Bb3 Rfd8 18. Qg4 c5 19. c3 c4 20. Bc2 Qe5 21. Be3 Nd7 22. f4 Qh5 23. Qxh5 gxh5 24. Rad1 Bc5 25. Bd4 Rac8 26. e5 Bxd4+ 27. Rxd4 Nb6 28. Red1 Rxd4 29. Rxd4 Nd5 30. Kf2 Rc5 31. Kf3 Rb5 32. Rxc4 Rxb2 33. Rc8# 1-0

[Event "Berlin Lichtenberger op 18th"]
[Site "Berlin"]
[Date "2019.08.19"]
[Round "3"]
[White "Uhlenbrock, Sven"]
[Black "Lieder, Guenter"]
[Result "1/2-1/2"]
[WhiteElo "1652"]
[BlackElo "1815"]
[PlyCount "38"]
[EventDate "2019.08.17"]
[EventType "swiss"]
[EventRounds "9"]
[EventCountry "GER"]
[SourceTitle "EXT 2020"]
[Source "ChessBase"]
[SourceDate "2019.10.17"]
[SourceVersion "1"]
[SourceVersionDate "2019.10.17"]
[SourceQuality "1"]

1. d4 d5 2. Bf4 Nf6 3. e3 g6 4. Nf3 Bg7 5. Be2 0-0 6. 0-0 Nbd7 7. Nbd2 Nh5 8. Bg5 Nhf6 9. c3 c6 10. a4 a5 11. Qc2 Re8 12. Rfe1 Qc7 13. Bf4 Qd8 14. h3 Nh5 15. Bh2 Nhf6 16. Ne5 Nxe5 17. Bxe5 Bf5 18. Bd3 Bxd3 19. Qxd3 Qd7 1/2-1/2

[Event "Berlin Lichtenberger op 17th"]
[Site "Berlin"]
[Date "2018.08.18"]
[Round "1"]
[White "Lieder, Guenter"]
[Black "Moser, Axel"]
[Result "0-1"]
[WhiteElo "1830"]
[BlackElo "2144"]
[PlyCount "78"]
[EventDate "2018.08.18"]
[EventType "swiss"]
[EventRounds "9"]
[EventCountry "GER"]
[SourceTitle "CBM 186 Extra"]
[Source "ChessBase"]
[SourceDate "2018.08.24"]
[SourceVersion "1"]
[SourceVersionDate "2018.08.24"]
[SourceQuality "1"]

1. c4 Nf6 2. Nc3 e5 3. g3 d5 4. cxd5 Nxd5 5. Bg2 Nb6 6. d3 Be7 7. Nf3 Nc6 8. 0-0 0-0 9. a3 Be6 10. b4 a5 11. b5 Nd4 12. Nxe5 Bf6 13. f4 Nb3 14. Be3 Nxa1 15. Qxa1 Nd5 16. Bd2 Qd6 17. d4 Rad8 18. Ne4 Qb6 19. a4 Nb4 20. Bxb4 Bxe5 21. fxe5 axb4 22. e3 Bd5 23. Nc5 Bxg2 24. Kxg2 Qh6 25. Rf3 b6 26. Nd3 c5 27. bxc6 Qxc6 28. Nxb4 Qe4 29. Kf2 Rc8 30. Rf4 Qb7 31. d5 Rc5 32. Qb1 Rfc8 33. Rd4 Qd7 34. Nc6 Kh8 35. Qxb6 Rc2+ 36. Kf3 Rxh2 37. Qb1 Qh3 38. Qg1 Rh1 39. Qg2 Rf1+ 0-1

[Event "Berlin Lichtenberger op 16th"]
[Site "Berlin"]
[Date "2017.08.23"]
[Round "5"]
[White "Jaeger, Andre"]
[Black "Lieder, Guenter"]
[Result "1-0"]
[WhiteElo "1994"]
[BlackElo "1840"]
[PlyCount "61"]
[EventDate "2017.08.19"]
[EventType "swiss"]
[EventRounds "9"]
[EventCountry "GER"]
[SourceTitle "CBM 180 Extra"]
[Source "ChessBase"]
[SourceDate "2017.10.06"]
[SourceVersion "1"]
[SourceVersionDate "2017.10.06"]
[SourceQuality "1"]

1. d4 d5 2. c4 e6 3. Nc3 Nf6 4. cxd5 exd5 5. Bg5 Be7 6. e3 0-0 7. Bd3 c6 8. Qc2 h6 9. Bh4 a5 10. Nge2 Na6 11. a3 b5 12. 0-0 Re8 13. f3 Bb7 14. e4 b4 15. Na4 Nd7 16. Bxe7 Qxe7 17. e5 c5 18. Bb5 Rab8 19. Bxd7 Qxd7 20. Nxc5 Qc7 21. axb4 Nxb4 22. Qa4 Nc6 23. Rfc1 Nxe5 24. dxe5 Qxe5 25. Nd4 Ba8 26. Re1 Qxe1+ 27. Rxe1 Rxe1+ 28. Kf2 Rc1 29. Nd3 Rc4 30. Qxa5 Rxd4 31. Qa7 1-0

[Event "Berlin Lichtenberger op 14th"]
[Site "Berlin"]
[Date "2015.08.22"]
[Round "8"]
[White "Gnass, Erhard"]
[Black "Lieder, Guenter"]
[Result "0-1"]
[WhiteElo "1510"]
[BlackElo "1849"]
[PlyCount "128"]
[EventDate "2015.08.15"]
[EventType "swiss"]
[EventRounds "9"]
[EventCountry "GER"]
[SourceTitle "EXT 2016"]
[Source "ChessBase"]
[SourceDate "2015.10.08"]
[SourceVersion "1"]
[SourceVersionDate "2015.10.08"]
[SourceQuality "1"]

1. Nf3 Nf6 2. c4 g6 3. Nc3 Bg7 4. g3 0-0 5. Bg2 d6 6. 0-0 e5 7. e4 Bg4 8. h3 Bd7 9. Kh2 c6 10. d3 Na6 11. Bg5 h6 12. Be3 Nc7 13. Qd2 Kh7 14. Ng1 Ng8 15. f4 f5 16. exf5 Bxf5 17. Rad1 d5 18. cxd5 cxd5 19. Bc5 Re8 20. fxe5 Bxe5 21. d4 Bg7 22. Nf3 b6 23. Ba3 Be4 24. Rde1 Nf6 25. Ng1 Bxg2 26. Qxg2 b5 27. Bc5 a5 28. Bb6 Rb8 29. Bxc7 Qxc7 30. Rxe8 Rxe8 31. Nxd5 Nxd5 32. Qxd5 Qc2+ 33. Qg2 Qxg2+ 34. Kxg2 Bxd4 35. b3 Rc8 36. Re1 b4 37. Re2 Bxg1 38. Kxg1 Kg7 39. Kf2 Kf6 40. Kf3 Rc1 41. Kg2 h5 42. h4 Kf5 43. Kh3 Rc3 44. Kg2 Rc5 45. Kf3 Rd5 46. Kg2 Rd4 47. Kh3 Re4 48. Rc2 Re5 49. Kg2 Ke4 50. Rc6 Kd3 51. Kf3 Re3+ 52. Kf4 Re2 53. Rxg6 Rxa2 54. g4 hxg4 55. h5 Kc3 56. h6 Rh2 57. Ke4 Kxb3 58. Kd4 Kc2 59. Kc4 b3 60. Kb5 Kc1 61. Rc6+ Kb1 62. Ka4 b2 63. Ka3 Rh3+ 64. Ka4 Ka1 0-1

[Event "Berlin Lichtenberger op 14th"]
[Site "Berlin"]
[Date "2015.08.19"]
[Round "5"]
[White "Lieder, Guenter"]
[Black "Badestein, Hartmut"]
[Result "1/2-1/2"]
[WhiteElo "1849"]
[BlackElo "2055"]
[PlyCount "44"]
[EventDate "2015.08.15"]
[EventType "swiss"]
[EventRounds "9"]
[EventCountry "GER"]
[SourceTitle "EXT 2016"]
[Source "ChessBase"]
[SourceDate "2015.10.08"]
[SourceVersion "1"]
[SourceVersionDate "2015.10.08"]
[SourceQuality "1"]

1. c4 Nf6 2. Nc3 g6 3. g3 Bg7 4. Bg2 d6 5. Nf3 0-0 6. 0-0 e5 7. d3 Nc6 8. Bg5 h6 9. Bd2 Be6 10. a3 a5 11. Rb1 Qd7 12. b4 axb4 13. axb4 Bh3 14. Nb5 Bxg2 15. Kxg2 e4 16. Ne1 Rfe8 17. Nc2 exd3 18. exd3 Ne5 19. Bc3 d5 20. Bxe5 Rxe5 21. Nbd4 dxc4 22. dxc4 Ne4 1/2-1/2

[Event "Berlin Lichtenberger op 13th"]
[Site "Berlin"]
[Date "2014.08.21"]
[Round "6"]
[White "Steiner, Wolfram"]
[Black "Lieder, Guenter"]
[Result "1-0"]
[WhiteElo "1995"]
[BlackElo "1864"]
[PlyCount "63"]
[EventDate "2014.08.16"]
[EventType "swiss"]
[EventRounds "9"]
[EventCountry "GER"]
[SourceTitle "CBM 161 Extra"]
[Source "ChessBase"]
[SourceDate "2014.08.29"]
[SourceVersion "1"]
[SourceVersionDate "2014.08.29"]
[SourceQuality "1"]

1. Nf3 c5 2. e4 e6 3. d3 d6 4. g3 Nc6 5. Bg2 g6 6. 0-0 Bg7 7. Nbd2 Nge7 8. Re1 0-0 9. c3 Rb8 10. Nf1 b5 11. d4 b4 12. a3 bxc3 13. bxc3 cxd4 14. cxd4 d5 15. Bf4 Rb6 16. e5 Na5 17. Ne3 h6 18. h4 Qd7 19. Ng4 Nf5 20. Nf6+ Bxf6 21. exf6 h5 22. Be5 Ba6 23. Bh3 Rb3 24. Bxf5 exf5 25. Qd2 f4 26. Qxf4 Kh7 27. Ng5+ Kh8 28. Bd6 Re8 29. Nxf7+ Qxf7 30. Rxe8+ Qxe8 31. Qh6+ Kg8 32. Qg7# 1-0

[Event "Berlin Lichtenberger op 13th"]
[Site "Berlin"]
[Date "2014.08.19"]
[Round "4"]
[White "Gnass, Erhard"]
[Black "Lieder, Guenter"]
[Result "0-1"]
[WhiteElo "1539"]
[BlackElo "1864"]
[PlyCount "86"]
[EventDate "2014.08.16"]
[EventType "swiss"]
[EventRounds "9"]
[EventCountry "GER"]
[SourceTitle "CBM 161 Extra"]
[Source "ChessBase"]
[SourceDate "2014.08.29"]
[SourceVersion "1"]
[SourceVersionDate "2014.08.29"]
[SourceQuality "1"]

1. b3 d5 2. d4 Nf6 3. Bb2 Bf5 4. Nf3 e6 5. e3 Nbd7 6. Be2 c5 7. 0-0 Rc8 8. c3 Bd6 9. dxc5 Bxc5 10. Nbd2 0-0 11. Nd4 Bg6 12. b4 Be7 13. a4 e5 14. N4f3 Bd6 15. Qb3 Qc7 16. g3 Bh5 17. Qd1 Rfe8 18. Ne1 Bxe2 19. Qxe2 Nf8 20. Qd1 Qd7 21. Ng2 Qh3 22. Re1 Ng4 23. Nf1 Nf6 24. f3 Rcd8 25. Qc2 Ng6 26. g4 Qxf3 27. Qe2 Qxe2 28. Rxe2 Nxg4 29. h3 Nf6 30. Ng3 Ne7 31. Rd1 e4 32. Nh1 Be5 33. Nf2 Rc8 34. Rc2 Rc4 35. Rb1 Rec8 36. Rbc1 b6 37. Nd1 Nf5 38. Kf1 d4 39. exd4 Bxd4 40. Ba3 Be5 41. a5 Nd5 42. Nge3 Ndxe3+ 43. Nxe3 Nxe3+ 0-1

[Event "Berlin Lichtenberger op 11th"]
[Site "Berlin"]
[Date "2012.08.23"]
[Round "6"]
[White "Tahiri, Daut"]
[Black "Lieder, Guenter"]
[Result "1-0"]
[WhiteElo "2114"]
[BlackElo "1862"]
[PlyCount "50"]
[EventDate "2012.08.18"]
[EventType "swiss"]
[EventRounds "9"]
[EventCountry "GER"]
[SourceTitle "CBM 150 Extra"]
[Source "ChessBase"]
[SourceDate "2012.10.19"]
[SourceVersion "1"]
[SourceVersionDate "2012.10.19"]
[SourceQuality "1"]

1. e4 d5 2. exd5 Qxd5 3. Nc3 Qa5 4. d4 c6 5. Bc4 Nf6 6. Bd2 Bf5 7. Qf3 e6 8. d5 Qc7 9. dxe6 Bxe6 10. Qe2 Qe7 11. 0-0-0 Bxc4 12. Qxc4 Qc5 13. Re1+ Kd8 14. Qxf7 Nbd7 15. Nh3 Kc8 16. Re8+ Nxe8 17. Qxe8+ Kc7 18. Qxa8 Qf5 19. Bf4+ Kb6 20. Rd1 g5 21. Qd8+ Ka6 22. Rxd7 Bg7 23. Qc7 Bxc3 24. Qxb7+ Ka5 25. Bc7+ Ka4 1-0

[Event "Berlin Lichtenberger op 10th"]
[Site "Berlin"]
[Date "2011.08.20"]
[Round "8"]
[White "Baranowsky, Peter"]
[Black "Lieder, Guenter"]
[Result "1/2-1/2"]
[WhiteElo "1989"]
[BlackElo "1847"]
[PlyCount "56"]
[EventDate "2011.08.13"]
[EventType "swiss"]
[EventRounds "9"]
[EventCountry "GER"]
[SourceTitle "CBM 143 Extra"]
[Source "ChessBase"]
[SourceDate "2011.08.29"]
[SourceVersion "1"]
[SourceVersionDate "2011.08.29"]
[SourceQuality "1"]

1. d4 g6 2. e4 Bg7 3. Be3 d6 4. Nc3 Nd7 5. Nf3 c6 6. Bd3 Ngf6 7. Qd2 Ng4 8. Bg5 h6 9. Bh4 c5 10. Bb5 cxd4 11. Nxd4 a6 12. Be2 Ngf6 13. f4 Qc7 14. Rd1 0-0 15. 0-0 Rb8 16. Bf3 b5 17. e5 dxe5 18. Nc6 exf4 19. Ne4 e5 20. Nxb8 Qxb8 21. Qd6 Qxd6 22. Rxd6 Nxe4 23. Bxe4 Nc5 24. Bd5 g5 25. Bf2 Ne6 26. Rd1 e4 27. Bxe4 Bxb2 28. Bf5 Ba3 1/2-1/2

[Event "Berlin Lichtenberger op 10th"]
[Site "Berlin"]
[Date "2011.08.19"]
[Round "7"]
[White "Lieder, Guenter"]
[Black "Bandlow, Matthias"]
[Result "1/2-1/2"]
[WhiteElo "1847"]
[BlackElo "1988"]
[PlyCount "89"]
[EventDate "2011.08.13"]
[EventType "swiss"]
[EventRounds "9"]
[EventCountry "GER"]
[SourceTitle "CBM 143 Extra"]
[Source "ChessBase"]
[SourceDate "2011.08.29"]
[SourceVersion "1"]
[SourceVersionDate "2011.08.29"]
[SourceQuality "1"]

1. e4 c5 2. Nc3 d6 3. f4 e6 4. Nf3 Nc6 5. Bb5 Bd7 6. 0-0 a6 7. Bxc6 Bxc6 8. d3 Nf6 9. Qe1 Be7 10. Kh1 0-0 11. Bd2 Qc7 12. Ne2 b5 13. Ng3 d5 14. e5 Nd7 15. Nh5 g6 16. Ng3 d4 17. Ne2 Qb7 18. Neg1 Nb6 19. Qg3 f5 20. exf6 Bxf6 21. Rae1 Rae8 22. Nh3 Bd5 23. Nhg5 Nc8 24. Qh3 e5 25. fxe5 Bxe5 26. Nxe5 Rxf1+ 27. Rxf1 Rxe5 28. Re1 Rxe1+ 29. Bxe1 Nd6 30. Qg4 Nf5 31. Ne4 Qe7 32. Bd2 c4 33. Bg5 Qe6 34. Kg1 cxd3 35. cxd3 Bxa2 36. Qf4 Qc8 37. Qe5 h6 38. Bd2 Be6 39. g4 Nh4 40. Qf6 g5 41. Bxg5 Nf3+ 42. Qxf3 hxg5 43. Qf2 Bxg4 44. Qxd4 Qc1+ 45. Kg2 1/2-1/2

[Event "Berlin Lichtenberger op 10th"]
[Site "Berlin"]
[Date "2011.08.13"]
[Round "1"]
[White "Lieder, Guenter"]
[Black "Cusnariov, Nikolai"]
[Result "1/2-1/2"]
[WhiteElo "1847"]
[BlackElo "2143"]
[PlyCount "101"]
[EventDate "2011.08.13"]
[EventType "swiss"]
[EventRounds "9"]
[EventCountry "GER"]
[SourceTitle "CBM 143 Extra"]
[Source "ChessBase"]
[SourceDate "2011.08.29"]
[SourceVersion "1"]
[SourceVersionDate "2011.08.29"]
[SourceQuality "1"]

1. e4 c5 2. Nc3 Nc6 3. f4 d6 4. Nf3 g6 5. Bc4 Bg7 6. 0-0 e6 7. d3 Nge7 8. a3 0-0 9. Rb1 b6 10. Bd2 d5 11. Ba2 Bb7 12. e5 a6 13. Be1 Nf5 14. Bf2 Qc7 15. g4 Nfd4 16. Nxd4 Nxd4 17. Bxd4 cxd4 18. Ne2 f6 19. exf6 Bxf6 20. Qd2 Bg7 21. Rbc1 Kh8 22. Ng3 Qd6 23. Rce1 Rae8 24. Bb3 Re7 25. Re2 Ref7 26. Ref2 Bc8 27. g5 Bd7 28. Qc1 a5 29. Ba2 b5 30. Qd2 b4 31. axb4 axb4 32. Bb3 Bc6 33. Qc1 Be8 34. Qd2 e5 35. fxe5 Bxe5 36. Rxf7 Bxf7 37. Qg2 Bg7 38. Ne2 Qe5 39. Kh1 Be6 40. Rxf8+ Bxf8 41. h4 Bg7 42. Ng1 Qf4 43. Qh2 Qg4 44. Ba4 h6 45. Be8 Kh7 46. gxh6 Bxh6 47. h5 Qxh5 48. Qxh5 gxh5 49. Bxh5 Bc1 50. b3 Kh6 51. Bf3 1/2-1/2

[Event "Berlin Lichtenberger op 9th"]
[Site "Berlin"]
[Date "2010.08.10"]
[Round "4"]
[White "Moeller, Dirk Halvard"]
[Black "Lieder, Guenter"]
[Result "1-0"]
[WhiteElo "1621"]
[BlackElo "1868"]
[PlyCount "70"]
[EventDate "2010.08.07"]
[EventType "swiss"]
[EventRounds "9"]
[EventCountry "GER"]
[SourceTitle "CBM 137 Extra"]
[Source "ChessBase"]
[SourceDate "2010.09.01"]
[SourceVersion "1"]
[SourceVersionDate "2010.09.01"]
[SourceQuality "1"]

1. e4 c5 2. Nf3 Nc6 3. d4 cxd4 4. Nxd4 d6 5. Nc3 e6 6. Be2 Be7 7. Be3 Nf6 8. Qd2 a6 9. g4 h6 10. 0-0-0 Qc7 11. g5 hxg5 12. Bxg5 Bd7 13. f4 0-0-0 14. Kb1 Rh3 15. Bf1 Rxc3 16. Bxf6 Bxf6 17. bxc3 Qb6+ 18. Ka1 Qc5 19. Bg2 Na5 20. Rb1 Bc6 21. Qd3 Qa3 22. Rb2 Rd7 23. Nb3 Rc7 24. Nd4 Bd7 25. Ne2 Bb5 26. Rxb5 axb5 27. e5 dxe5 28. Qxb5 exf4 29. Qe8+ Bd8 30. Rd1 Qe7 31. Qb5 Nc6 32. Rb1 e5 33. Qa4 g5 34. Qa8+ Nb8 35. Bh3+ Rd7 1-0

[Event "Berlin Lichtenberger op 8th"]
[Site "Berlin"]
[Date "2009.08.22"]
[Round "8"]
[White "Lieder, Guenter"]
[Black "Sivakumaran, Ramesh"]
[Result "1-0"]
[WhiteElo "1873"]
[BlackElo "1466"]
[PlyCount "45"]
[EventDate "2009.08.15"]
[EventType "swiss"]
[EventRounds "9"]
[EventCountry "GER"]
[SourceTitle "CBM 131 Extra"]
[Source "ChessBase"]
[SourceDate "2009.09.03"]
[SourceVersion "2"]
[SourceVersionDate "2009.09.16"]
[SourceQuality "1"]

1. e4 c6 2. Nf3 d5 3. exd5 cxd5 4. d4 Nf6 5. Bd3 Bg4 6. 0-0 e6 7. Re1 Bd6 8. h3 Bh5 9. Bg5 Nbd7 10. c3 Bg6 11. Bxg6 hxg6 12. Nbd2 Qc7 13. Rc1 Bf4 14. c4 Bxg5 15. cxd5 Qf4 16. dxe6 fxe6 17. Rxe6+ Kf8 18. Qb3 b6 19. Qb4+ Kf7 20. Rce1 Rae8 21. Qc4 Rxe6 22. Qxe6+ Kf8 23. Nc4 1-0

[Event "Berlin Lichtenberger op 8th"]
[Site "Berlin"]
[Date "2009.08.20"]
[Round "6"]
[White "Lieder, Guenter"]
[Black "Kriese, Ralf"]
[Result "1/2-1/2"]
[WhiteElo "1873"]
[BlackElo "1639"]
[PlyCount "41"]
[EventDate "2009.08.15"]
[EventType "swiss"]
[EventRounds "9"]
[EventCountry "GER"]
[SourceTitle "CBM 131 Extra"]
[Source "ChessBase"]
[SourceDate "2009.09.03"]
[SourceVersion "2"]
[SourceVersionDate "2009.09.16"]
[SourceQuality "1"]

1. e4 e6 2. Nf3 d5 3. exd5 exd5 4. d4 Bd6 5. Bd3 Ne7 6. 0-0 Bg4 7. Re1 Nd7 8. c3 c6 9. Nbd2 Qc7 10. h3 Bh5 11. b4 0-0 12. a4 a6 13. Ba3 b5 14. a5 Bg6 15. Qc2 Rae8 16. Rad1 Nf6 17. Bc1 Bxd3 18. Qxd3 Ng6 19. Qf5 Qd7 20. Qxd7 Nxd7 21. Kf1 1/2-1/2

[Event "Berlin Lichtenberger op 8th"]
[Site "Berlin"]
[Date "2009.08.19"]
[Round "5"]
[White "Voeller, Lothar"]
[Black "Lieder, Guenter"]
[Result "0-1"]
[WhiteElo "1509"]
[BlackElo "1873"]
[PlyCount "124"]
[EventDate "2009.08.15"]
[EventType "swiss"]
[EventRounds "9"]
[EventCountry "GER"]
[SourceTitle "CBM 131 Extra"]
[Source "ChessBase"]
[SourceDate "2009.09.03"]
[SourceVersion "2"]
[SourceVersionDate "2009.09.16"]
[SourceQuality "1"]

1. e4 c5 2. d4 cxd4 3. c3 d3 4. Bxd3 Nc6 5. f4 d6 6. Nf3 e6 7. 0-0 Be7 8. Be3 Nf6 9. Nbd2 Bd7 10. h3 Qc7 11. Rc1 a6 12. Nc4 b5 13. Nb6 Rb8 14. Nxd7 Qxd7 15. a3 0-0 16. Bb1 Rbc8 17. Qd3 g6 18. Rfd1 Qb7 19. Ba2 Na5 20. e5 dxe5 21. fxe5 Rfd8 22. Qe2 Nh5 23. Qf2 Rd7 24. Rxd7 Qxd7 25. Rf1 Nb7 26. Bb3 Bc5 27. Nd4 Ng7 28. g4 Na5 29. Ba2 Nc4 30. Rd1 Nxe5 31. Qe2 Qa7 32. Kf1 Qb7 33. Kg1 Bxd4 34. Bxd4 Nf3+ 35. Kf1 Nxd4 36. Rxd4 Qh1+ 37. Kf2 Qh2+ 38. Ke1 Qxh3 39. a4 Qh1+ 40. Qf1 Qc6 41. axb5 axb5 42. Qd3 Qa8 43. Bb1 h5 44. gxh5 Nxh5 45. Qxb5 Rb8 46. Ra4 Qh1+ 47. Qf1 Rxb2 48. Rb4 Qxf1+ 49. Kxf1 Rxb4 50. cxb4 Kf8 51. Kf2 Ke7 52. Ke3 Kd6 53. Kd4 g5 54. Bc2 Nf6 55. Ba4 Nd7 56. Bd1 e5+ 57. Kc4 Nb6+ 58. Kb5 Kc7 59. Ka5 f5 60. Bf3 e4 61. Bg2 Nd5 62. b5 Ne3 0-1

[Event "Berlin Lichtenberger op 8th"]
[Site "Berlin"]
[Date "2009.08.18"]
[Round "4"]
[White "Lieder, Guenter"]
[Black "Costello, Colin"]
[Result "0-1"]
[WhiteElo "1873"]
[BlackElo "2038"]
[PlyCount "48"]
[EventDate "2009.08.15"]
[EventType "swiss"]
[EventRounds "9"]
[EventCountry "GER"]
[SourceTitle "CBM 131 Extra"]
[Source "ChessBase"]
[SourceDate "2009.09.03"]
[SourceVersion "2"]
[SourceVersionDate "2009.09.16"]
[SourceQuality "1"]

1. c4 e5 2. Nc3 Nc6 3. g3 Nf6 4. Bg2 Bc5 5. d3 0-0 6. e3 d6 7. Nge2 Re8 8. a3 a5 9. 0-0 Bg4 10. Qb3 Rb8 11. Re1 Qd7 12. Nb5 Bb6 13. Bd2 Rbd8 14. Nec3 Qf5 15. Na4 Bf3 16. Nxb6 cxb6 17. Nc7 e4 18. Nxe8 Rxe8 19. d4 Ng4 20. Rf1 Nxh2 21. Kxh2 Re6 22. Rh1 Rh6+ 23. Kg1 Rxh1+ 24. Kxh1 Qh3+ 0-1

[Event "Berlin Lichtenberger op 8th"]
[Site "Berlin"]
[Date "2009.08.16"]
[Round "3"]
[White "Heuser, Philip"]
[Black "Lieder, Guenter"]
[Result "1-0"]
[WhiteElo "2081"]
[BlackElo "1873"]
[PlyCount "183"]
[EventDate "2009.08.15"]
[EventType "swiss"]
[EventRounds "9"]
[EventCountry "GER"]
[SourceTitle "CBM 131 Extra"]
[Source "ChessBase"]
[SourceDate "2009.09.03"]
[SourceVersion "2"]
[SourceVersionDate "2009.09.16"]
[SourceQuality "1"]

1. d4 Nf6 2. c4 e6 3. Nc3 d5 4. cxd5 exd5 5. Bg5 Be7 6. e3 c6 7. Qc2 Bg4 8. Bd3 Nbd7 9. f3 Bh5 10. Nge2 Qb6 11. 0-0-0 c5 12. Rhe1 Bg6 13. Nf4 Bxd3 14. Qxd3 Qc6 15. Bxf6 Nxf6 16. dxc5 Rd8 17. Nfxd5 Nxd5 18. Nxd5 Qxc5+ 19. Kb1 0-0 20. Qd4 b6 21. Rd3 Kh8 22. Qxc5 Bxc5 23. Red1 a5 24. e4 Rc8 25. Nc3 g6 26. Rd7 Kg7 27. Rb7 g5 28. h3 Kg6 29. Rdd7 Rc6 30. Nd5 h6 31. g4 Kg7 32. a3 Bf2 33. Ne7 Re6 34. Nf5+ Kg6 35. Ne7+ Kg7 36. Nf5+ Kg6 37. Kc2 Bg1 38. Ne7+ Kg7 39. Nf5+ Kg6 40. Kd3 Bf2 41. Ne7+ Kg7 42. Nf5+ Kg6 43. Ke2 Bg1 44. b4 axb4 45. axb4 Rf6 46. Rd1 Bh2 47. Ne7+ Kg7 48. Nd5 Rc6 49. Rxb6 Rc2+ 50. Rd2 Rc1 51. Ne3 Ra8 52. Nf5+ Kf8 53. Rxh6 Kg8 54. Ne7+ Kg7 55. Nf5+ Kg8 56. b5 Bf4 57. Rb2 Raa1 58. Rc6 Re1+ 59. Kd3 Red1+ 60. Kc4 Rac1+ 61. Kb4 Ra1 62. b6 Bd2+ 63. Kb3 Bc1 64. Rxc1 Raxc1 65. b7 Rd8 66. Ne7+ Kh7 67. Nc8 Rdxc8 68. bxc8Q Rxc8 69. Rh2 Kg6 70. h4 gxh4 71. Rxh4 Kg5 72. Rh5+ Kg6 73. Rf5 Rc7 74. Kb4 Rc1 75. e5 Rc2 76. Rf6+ Kg7 77. f4 Rc1 78. Kb5 Rc2 79. g5 Rc1 80. Kb6 Rc2 81. Kb7 Rc1 82. Rb6 Rf1 83. Rf6 Rc1 84. Rc6 Rf1 85. Rc4 Kg6 86. Kc7 Kf5 87. Kd7 Ra1 88. Rd4 Kg6 89. Ke7 Rf1 90. Rd6+ Kg7 91. Rf6 Ra1 92. Rxf7+ 1-0

[Event "Berlin Lichtenberger op 8th"]
[Site "Berlin"]
[Date "2009.08.15"]
[Round "1"]
[White "Sieglen, Joachim"]
[Black "Lieder, Guenter"]
[Result "1-0"]
[WhiteElo "2339"]
[BlackElo "1873"]
[PlyCount "35"]
[EventDate "2009.08.15"]
[EventType "swiss"]
[EventRounds "9"]
[EventCountry "GER"]
[SourceTitle "CBM 131 Extra"]
[Source "ChessBase"]
[SourceDate "2009.09.03"]
[SourceVersion "2"]
[SourceVersionDate "2009.09.16"]
[SourceQuality "1"]

1. d4 Nf6 2. c4 e6 3. g3 d5 4. Nf3 dxc4 5. Bg2 Bb4+ 6. Bd2 Bxd2+ 7. Nbxd2 Nbd7 8. Nxc4 0-0 9. 0-0 Rb8 10. Rc1 b6 11. Nfe5 Nxe5 12. Nxe5 Bd7 13. Qc2 Bb5 14. Rfd1 Ne8 15. Bc6 Nd6 16. Bxb5 Nxb5 17. Nc6 Qf6 18. a4 1-0

[Event "Berlin Lichtenberger op 6th"]
[Site "Berlin"]
[Date "2007.??.??"]
[Round "?"]
[White "Gebert Vangeel, Ralf"]
[Black "Lieder, Guenter"]
[Result "1/2-1/2"]
[WhiteElo "2096"]
[BlackElo "1864"]
[PlyCount "112"]
[EventDate "2007.08.18"]
[EventType "swiss"]
[EventRounds "9"]
[EventCountry "GER"]
[SourceTitle "CBM 120 Extra"]
[Source "ChessBase"]
[SourceDate "2007.11.01"]
[SourceVersion "1"]
[SourceVersionDate "2007.11.01"]
[SourceQuality "1"]

1. e4 d5 2. exd5 Qxd5 3. Nc3 Qa5 4. d4 c6 5. Nf3 Nf6 6. Bc4 Bf5 7. 0-0 Nbd7 8. Re1 e6 9. Bd2 Qc7 10. a4 Bd6 11. h3 0-0 12. Nh4 Bg6 13. Nxg6 hxg6 14. Qf3 Nd5 15. Ne4 Be7 16. Bb3 N7f6 17. Ng5 Qd7 18. Re2 Nh7 19. Nxh7 Kxh7 20. c4 Nc7 21. Bc3 Bf6 22. Rd1 Rad8 23. Qe4 Rh8 24. Red2 Qe8 25. Ba5 Rd7 26. Qf3 Kg8 27. d5 cxd5 28. Bxc7 Rxc7 29. cxd5 exd5 30. Bxd5 b6 31. Qg3 Re7 32. Kf1 Qxa4 33. b3 Qb4 34. Qxg6 Qb5+ 35. Qd3 Qxd3+ 36. Rxd3 Kh7 37. Bc4 Rhe8 38. Bb5 Rc8 39. Bc4 g6 40. Rd7 Rc7 41. R7d6 Bc3 42. g4 Rc5 43. Rd7 Rc7 44. Rxc7 Rxc7 45. Rd3 Bb4 46. f4 a5 47. Ba6 Kg7 48. Ke2 Re7+ 49. Re3 Rc7 50. Kf3 Bd2 51. Rd3 Bb4 52. Ke4 Ba3 53. Rf3 f6 54. Rd3 Bb4 55. Kd5 Re7 56. Kc6 Bc5 1/2-1/2